| 000 | 00566nam a2200217Ia 4500 | ||
|---|---|---|---|
| 001 | 61051 | ||
| 008 | 191023n ii |||gr||||Z||||||465 | ||
| 020 | _a978-81-272-5122-2 | ||
| 082 | _a576 | ||
| 100 |
_aBhattacharjee, R.N., _eAuthor. |
||
| 245 | 0 |
_aExperimental microbiology _cby R.N. Bhattacharjee _hTextual Documents |
|
| 250 | _a1st ed. | ||
| 260 |
_aDelhi: _bKalyani Publisher, _c2008. |
||
| 300 |
_a339p: _c25cm. |
||
| 653 | _aBotany | ||
| 653 | _aMicrobiology | ||
| 653 | _aG-Botany | ||
| 653 | _aDept-Botany | ||
| 653 | _aPG-Botany | ||
| 942 |
_2ddc _cBK |
||
| 999 |
_c62167 _d62167 |
||